000 01462nam1a22002531 4500
001 rc\2182445
005 20110829163102.4
035 _a(NLR Aleph) 006483266
090 _a6055902
_c6055902
100 _a20110829d1978 |||y0rusy50 ca
101 0 _arus
102 _aRU
105 _ay z |||||
200 1 _aКомплексная программа научно-творческой и общественно-политической деятельности студентов Свердловского архитектурного института в области охраны природы, сохранения исторически ценной застройки, реконструкции и преобразования архитектурно-пространственной среды Уральского региона ("Каменный пояс")
_fМ-во высш. и сред. спец. образования РСФСР...
_g[Разраб. к. т. н., проф. А.Э. Коротковским, кандидатами архитектуры Г.С. Заикиным и А.А. Стариковым]
210 _aСвердловск
_cБ. и.
_d1978
215 _a21 с.
702 1 _aЗайкин
_bГ. С.
_4220
702 1 _aСтариков
_bА. А.
_4220
702 1 _aКоротковский
_bА. Э.
_4220
801 0 _aRU
_bNLR
_gpsbo
801 1 _aRU
_bELAR
_2rusmarc
852 _aNLR
_j79-6/3825
942 _cBOOK
980 _aNB